000 00910cab a2200181 4500
001 ABS44271
008 090401t1991 xxu||||| |||| 00| 0 eng d
035 _a(Sirsi) u46287
041 _aeng
245 _aBlatherwick (Services) Ltd v King
260 _c1991
350 _a0
490 _aWeekly Law Reports
_v(1991) 2 WLR 848-853(6)
520 _aCA 28 November 1991. Appeal by tenant King (K) against cc decision which determined that K`s liability to pay the service charge survived by reason of Landlord and Tenant Act 1954 s10(1) . Under a protected tenancy agreement K was under covenant in underlease to pay service charge. On expiry of the underlease and its replacement by a statutory tenancy , K disputed liability to continue paying service charge. CA upheld cc decision. Appeal dismissed,
690 _aLANDLORD AND TENANT-CASE LAW-RESIDENTIAL TENANCIES
942 _n0
948 _c04/03/1997
999 _c29285
_d29285